[Event "GRE-ch Online Blitz op 1st"]
[Site "Tornelo INT"]
[Date "2021.02.07"]
[Round "14"]
[White "Gkavardinas, Christos Konstantin"]
[Black "Kavvadias, Dimitrios"]
[Result "1-0"]
[WhiteElo "1353"]
[BlackElo "1012"]
[PlyCount "121"]
[EventDate "2021.02.07"]
[EventType "swiss (blitz)"]
[EventRounds "16"]
[EventCountry "GRE"]
[SourceTitle "EXT 2023"]
[Source "ChessBase"]
[SourceDate "2022.10.05"]
[SourceVersion "1"]
[SourceVersionDate "2022.10.05"]
[SourceQuality "1"]

1. d4 d5 2. c4 e6 3. Nc3 Be7 4. Nf3 Nf6 5. Bg5 Nbd7 6. e3 h6 7. Bh4 b6 8. Bd3 Bb7 9. 0-0 c5 10. cxd5 exd5 11. Rc1 c4 12. Bf5 Rc8 13. Ne5 Bc6 14. Nxc6 Rxc6 15. Qa4 Rc7 16. Bxf6 Bxf6 17. Nxd5 Rb7 18. Qc6 Rb8 19. Nc7+ Ke7 20. Nd5+ Ke8 21. Nxf6+ gxf6 22. Rxc4 Rg8 23. Rfc1 Ke7 24. Qxd7+ Qxd7 25. Bxd7 Kxd7 26. Rc7+ Ke6 27. R1c6+ Kf5 28. Rxf7 a5 29. Rfxf6+ Kg5 30. Rxh6 Rbc8 31. h3 Rxc6 32. Rxc6 Rf8 33. Rxb6 Rc8 34. Rb5+ Kg6 35. Rxa5 Rc1+ 36. Kh2 Rc2 37. b4 Rxf2 38. b5 Rb2 39. Ra6+ Kf5 40. b6 Ke4 41. a4 Kxe3 42. a5 Kxd4 43. Ra8 Kc5 44. Ra7 Kc6 45. b7 Rxb7 46. Rxb7 Kxb7 47. h4 Ka6 48. h5 Kxa5 49. h6 Kb5 50. h7 Kc5 51. h8Q Kb4 52. g4 Kb3 53. g5 Kc4 54. g6 Kb5 55. g7 Kc5 56. g8Q Kb5 57. Qe5+ Kb4 58. Qg4+ Kb3 59. Qe3+ Kb2 60. Qge2+ Kb1 61. Qg1# 1-0

[Event "GRE-ch Online Blitz op 1st"]
[Site "Tornelo INT"]
[Date "2021.02.07"]
[Round "11"]
[White "Kavvadias, Dimitrios"]
[Black "Alexiou, Dimitra"]
[Result "1-0"]
[WhiteElo "1012"]
[BlackElo "1605"]
[PlyCount "105"]
[EventDate "2021.02.07"]
[EventType "swiss (blitz)"]
[EventRounds "16"]
[EventCountry "GRE"]
[SourceTitle "EXT 2023"]
[Source "ChessBase"]
[SourceDate "2022.10.05"]
[SourceVersion "1"]
[SourceVersionDate "2022.10.05"]
[SourceQuality "1"]

1. e4 e6 2. d4 b6 3. Nd2 Bb7 4. c4 Bb4 5. Bd3 Nf6 6. e5 Bxg2 7. exf6 Qxf6 8. Ne2 Bxh1 9. a3 Bd6 10. Nf1 e5 11. Be3 Bf3 12. dxe5 Bxe5 13. Rb1 0-0 14. Qc2 Qc6 15. Bxh7+ Kh8 16. Bd3 g6 17. b4 Kg7 18. Nd2 Bg2 19. Be4 Bxe4 20. Qxe4 Qxe4 21. Nxe4 Bxh2 22. Kd2 Nc6 23. b5 Ne5 24. Kc3 Nf3 25. Rh1 Be5+ 26. Kc2 Rh8 27. Rxh8 Rxh8 28. Kd3 Rh4 29. Nc1 Ne1+ 30. Ke2 Nc2 31. Nd2 Nxa3 32. Nd3 Bf6 33. Nf4 Rh8 34. Nd5 Be5 35. Nf3 Bd6 36. Nd2 Nc2 37. Kd1 Nxe3+ 38. fxe3 Re8 39. Ke2 c6 40. bxc6 dxc6 41. Nf4 Bxf4 42. Nf3 Rxe3+ 43. Kf2 Ra3 44. Nd4 Rc3 45. Ne2 Rxc4 46. Kf3 Bb8 47. Ke3 a5 48. Kd3 Rc5 49. Kd4 a4 50. Kd3 a3 51. Nd4 Be5 52. Nb3 Rb5 53. Nc1 1-0